[Event "FIDE World Bl Team Pool C"]
[Site "London ENG"]
[Date "2025.06.14"]
[Round "1.1"]
[White "Momunaliev, Ruslan"]
[Black "Svane, Rasmus"]
[Result "0-1"]
[WhiteTitle "CM"]
[BlackTitle "GM"]
[WhiteElo "2214"]
[BlackElo "2626"]
[WhiteTeam "Youth KG"]
[BlackTeam "Germany and Friends"]
[WhiteFideId "13812211"]
[BlackFideId "4657101"]
[EventDate "2025.06.14"]
[EventType "team"]

1. e4 c6 2. d4 d5 3. e5 Bf5 4. h4 h5 5. Bd3 Bxd3 6. Qxd3 Qa5+ 7. b4 Qa6 8. e6
Qxd3 9. cxd3 Nh6 10. Nd2 g6 11. Ndf3 Bg7 12. Nh3 Nf5 13. Be3 Na6 14. exf7+ Kxf7
15. Nhg5+ Ke8 16. Rb1 Nc7 17. Kd2 Rf8 18. a4 Kd7 19. Bf4 Ne6 20. Nxe6 Kxe6 21.
Rhe1+ Kd7 22. Be5 Bf6 23. g3 a6 24. Ke2 Nh6 25. Rec1 Ng4 26. Rc2 Bxe5 27. dxe5
Rf5 28. d4 Raf8 29. Rb3 Ra8 30. b5 axb5 31. axb5 Ra7 32. bxc6+ bxc6 33. Rbc3 Ra6
34. Rb2 Kc7 35. Rcb3 Ra7 36. Rb8 Kd7 37. R2b7+ Rxb7 38. Rxb7+ Kd8 39. Rb6 Kc7
40. Ra6 Kb7 41. Ra3 Rf8 42. Rb3+ Kc7 43. Ke1 Ra8 44. Ng5 Ra1+ 45. Kd2 Ra2+ 46.
Kc3 Nxf2 47. Ne6+ Kc8 48. Rb6 Ne4+ 49. Kb3 Kd7 50. Nc5+ Nxc5+ 51. Kxa2 Ne6 52.
Rb4 Ng7 53. Rb3 Nf5 54. Rd3 c5 55. dxc5 Kc6 56. Kb3 Kxc5 57. Kc3 d4+ 58. Kd2 Kd5
59. Rf3 Kxe5 60. Kd3 Kd5 61. g4 hxg4 62. Rf4 e5 63. Rxg4 Ne7 64. Rg5 Nc6 65.
Rxg6 e4+ 66. Ke2 Ne5 67. Rg5 e3 68. h5 Ke4 69. h6 d3+ 70. Kf1 e2+ 71. Kf2 e1=Q+ 0-1

[Event "FIDE World Bl Team Pool C"]
[Site "London ENG"]
[Date "2025.06.14"]
[Round "1.2"]
[White "Bluebaum, Matthias"]
[Black "Beknazarov, Emir"]
[Result "1-0"]
[WhiteTitle "GM"]
[WhiteElo "2663"]
[BlackElo "1878"]
[WhiteTeam "Germany and Friends"]
[BlackTeam "Youth KG"]
[WhiteFideId "24651516"]
[BlackFideId "13816063"]
[EventDate "2025.06.14"]
[EventType "team"]

1. d4 d5 2. c4 dxc4 3. e4 e6 4. Bxc4 Nf6 5. Nc3 c5 6. d5 a6 7. Nf3 b5 8. Bb3 c4
9. Bc2 Be7 10. d6 Bf8 11. e5 Nfd7 12. Be4 Ra7 13. Be3 Nb6 14. Qd4 N8d7 15. Bc6
Rb7 16. Bg5 f6 17. exf6 Rg8 18. f7+ 1-0

[Event "FIDE World Bl Team Pool C"]
[Site "London ENG"]
[Date "2025.06.14"]
[Round "1.3"]
[White "Kurbanbaev, Zalkar"]
[Black "Kollars, Dmitrij"]
[Result "0-1"]
[BlackTitle "GM"]
[WhiteElo "2119"]
[BlackElo "2633"]
[WhiteTeam "Youth KG"]
[BlackTeam "Germany and Friends"]
[WhiteFideId "13808524"]
[BlackFideId "12909572"]
[EventDate "2025.06.14"]
[EventType "team"]

1. e4 e5 2. Nf3 Nc6 3. Bb5 a6 4. Ba4 Nf6 5. O-O Bc5 6. c3 b5 7. Bb3 d6 8. d4 Bb6
9. a4 Bg4 10. Be3 O-O 11. d5 Na5 12. Bxb6 Bxf3 13. Qxf3 Nxb3 14. Ra3 cxb6 15.
Rxb3 bxa4 16. Ra3 b5 17. Nd2 Nd7 18. b4 Nb6 19. Qd3 Rc8 20. Rc1 0-1

[Event "FIDE World Bl Team Pool C"]
[Site "London ENG"]
[Date "2025.06.14"]
[Round "1.4"]
[White "Donchenko, Alexander"]
[Black "Keneshbekov, Elim"]
[Result "1-0"]
[WhiteTitle "GM"]
[BlackTitle "CM"]
[WhiteElo "2613"]
[BlackElo "1883"]
[WhiteTeam "Germany and Friends"]
[BlackTeam "Youth KG"]
[WhiteFideId "24603295"]
[BlackFideId "13816772"]
[EventDate "2025.06.14"]
[EventType "team"]

1. d4 Nf6 2. c4 g6 3. g3 Bg7 4. Bg2 O-O 5. Nc3 d6 6. Nf3 Qe8 7. O-O e5 8. e4 Na6
9. h3 h6 10. Be3 Qe7 11. Qc2 Nb4 12. Qd2 a5 13. Bxh6 c6 14. Bxg7 Kxg7 15. Rad1
Re8 16. Rfe1 b6 17. Na4 Rb8 18. a3 Na6 19. b4 axb4 20. axb4 b5 21. cxb5 cxb5 22.
Nb2 Bb7 23. d5 Rec8 24. Bf1 Nc7 25. Rc1 Nd7 26. Qe3 Na6 27. Nd3 Rc4 28. Nd2 Rd4
29. Nb3 Rc4 30. Na5 Rxc1 31. Rxc1 Nf6 32. Qa7 Nxe4 33. Nc6 Qg5 34. Nxb8 Nxb8 35.
Qxb7 Nxg3 36. fxg3 Qxg3+ 37. Kh1 Qf3+ 38. Kh2 e4 39. Bg2 Qxd3 40. Rf1 Kh6 41.
Qxb8 e3 42. Qh8+ Kg5 43. h4+ 1-0

[Event "FIDE World Bl Team Pool C"]
[Site "London ENG"]
[Date "2025.06.14"]
[Round "1.5"]
[White "Muradylov, Baiel"]
[Black "Bashylina, Luisa"]
[Result "0-1"]
[BlackTitle "WFM"]
[WhiteElo "1864"]
[BlackElo "2120"]
[WhiteTeam "Youth KG"]
[BlackTeam "Germany and Friends"]
[WhiteFideId "13821580"]
[BlackFideId "12983292"]
[EventDate "2025.06.14"]
[EventType "team"]

1. Nf3 Nf6 2. b3 g6 3. Bb2 Bg7 4. e3 d5 5. Be2 O-O 6. O-O c5 7. d4 Ne4 8. Nbd2
Nc6 9. c3 Nxd2 10. Qxd2 b6 11. Rfd1 cxd4 12. Nxd4 Nxd4 13. cxd4 Bf5 14. Rac1 Qd6
15. Bb5 Rfc8 16. Ba6 Rd8 17. b4 e5 18. dxe5 Bxe5 19. Bxe5 Qxe5 20. Bd3 Bg4 21.
Be2 Bxe2 22. Qxe2 d4 23. Rd3 Qb5 24. Rcd1 Rac8 25. exd4 Re8 26. Qd2 Qd5 27. h3
h5 28. a4 Rc4 29. Re3 Rd8 30. Re5 Qxe5 31. dxe5 Rxd2 32. Rxd2 Rxb4 33. Rd8+ Kg7
34. Rd7 Rxa4 35. e6 Kf6 36. exf7 Kg7 37. Kh2 b5 38. Rb7 a6 39. Kg3 Re4 40. Ra7
Re6 41. f4 b4 42. Kf3 Rb6 43. Re7 b3 44. Re1 b2 45. Rb1 a5 46. Ke3 a4 47. Kd2 a3
48. Kc2 a2 49. Rxb2 a1=Q 50. Rxb6 Qa4+ 51. Kd3 Qxf4 52. Rb7 Qf5+ 53. Kd4 Qf6+
54. Kd5 Qf2 55. Ke6 Qxg2 56. Rb8 Qe4+ 57. Kd7 Kxf7 58. Rb6 Qd4+ 59. Rd6 Qa4+ 60.
Kc7 Qb3 61. Rd7+ Kf6 62. Rd6+ Kf5 63. Kd7 Qxh3 64. Ke7 h4 65. Kf7 Qb3+ 66. Kg7
h3 67. Rf6+ Ke5 68. Rxg6 h2 69. Rh6 Qb7+ 70. Kh8 Qc8+ 71. Kg7 Qd7+ 72. Kh8 Qe8+
73. Kg7 Qe7+ 74. Kg6 Qf6+ 75. Kh7 Qxh6+ 0-1

[Event "FIDE World Bl Team Pool C"]
[Site "London ENG"]
[Date "2025.06.14"]
[Round "1.6"]
[White "Lobkin, Bohdan"]
[Black "Baktybek Kyzy, Alika"]
[Result "1-0"]
[WhiteElo "1900"]
[BlackElo "1590"]
[WhiteTeam "Germany and Friends"]
[BlackTeam "Youth KG"]
[WhiteFideId "34115552"]
[BlackFideId "13841327"]
[EventDate "2025.06.14"]
[EventType "team"]

1. c4 e5 2. Nc3 Nf6 3. g3 c6 4. Bg2 d5 5. cxd5 cxd5 6. d4 exd4 7. Qxd4 Be6 8.
Bg5 Be7 9. Rd1 Nc6 10. Qa4 d4 11. Bxc6+ bxc6 12. Rxd4 Qc7 13. Nf3 O-O 14. O-O
Rfd8 15. Rfd1 Rxd4 16. Rxd4 Bc5 17. Bxf6 gxf6 18. Rh4 Qb6 19. Nd4 Bxd4 20. Qxd4
Qxb2 21. Qxf6 Qc1+ 22. Kg2 Qc2 23. Rh5 Bd5+ 24. Nxd5 Qe4+ 25. Qf3 Qxf3+ 26. Kxf3
cxd5 27. Rxd5 Kg7 28. a4 Kf6 29. a5 Kg7 30. e4 Kg6 31. h4 Kf6 32. Kf4 Kg6 33. f3
Kg7 34. h5 Kf6 35. Rd6+ Kg7 36. a6 Kf8 37. Rd7 Kg7 38. Kf5 Kg8 39. Kf6 Kf8 40.
Rxf7+ Kg8 41. e5 Rf8 42. Rxf8+ Kxf8 43. e6 Ke8 44. e7 Kd7 45. Kf7 1-0

[Event "FIDE World Bl Team Pool C"]
[Site "London ENG"]
[Date "2025.06.14"]
[Round "1.1"]
[White "Pichot, Alan"]
[Black "Gan-Erdene, Sugar"]
[Result "1-0"]
[WhiteTitle "GM"]
[BlackTitle "IM"]
[WhiteElo "2588"]
[BlackElo "2454"]
[WhiteTeam "Duobeniajan Costa Calida ESJ"]
[BlackTeam "Mongolia-B"]
[WhiteFideId "110973"]
[BlackFideId "4902980"]
[EventDate "2025.06.14"]
[EventType "team"]

1. e4 c5 2. Nf3 d6 3. Bb5+ Nd7 4. Ba4 a6 5. c4 Nf6 6. O-O e5 7. Nc3 Be7 8. d3
O-O 9. a3 Nb8 10. h3 Nc6 11. Rb1 Bd7 12. b4 b6 13. bxc5 bxc5 14. Bg5 g6 15. Bxf6
Bxf6 16. Nd5 Bg7 17. Rb7 Kh8 18. Qd2 Be8 19. Rfb1 h6 20. Nc7 Rc8 21. Nxe8 Qxe8
22. R1b6 g5 23. Rxa6 f5 24. Rbb6 g4 1-0

[Event "FIDE World Bl Team Pool C"]
[Site "London ENG"]
[Date "2025.06.14"]
[Round "1.2"]
[White "Bilguun, Sumiya"]
[Black "Ibarra Jerez, Jose Carlos"]
[Result "1/2-1/2"]
[WhiteTitle "GM"]
[BlackTitle "GM"]
[WhiteElo "2451"]
[BlackElo "2545"]
[WhiteTeam "Mongolia-B"]
[BlackTeam "Duobeniajan Costa Calida ESJ"]
[WhiteFideId "4901541"]
[BlackFideId "2226332"]
[EventDate "2025.06.14"]
[EventType "team"]

1. e4 d5 2. exd5 Qxd5 3. Nf3 Bg4 4. Be2 Nc6 5. h3 Bxf3 6. Bxf3 Qe6+ 7. Qe2 Nd4
8. Qxe6 Nxf3+ 9. gxf3 fxe6 10. b3 O-O-O 11. Bb2 Nh6 12. Nc3 Nf5 13. Ne4 h6 14.
Rg1 Rg8 15. Rg6 Nh4 16. Rxe6 Rd5 17. Ke2 Rf5 18. Rg1 Nxf3 19. Rg3 Nh4 20. Rxh6
Rf4 21. Re6 Nf5 22. Rg4 Rxg4 23. hxg4 Nd6 24. Nxd6+ cxd6 25. d4 g6 26. d5 Kd7
27. Bd4 a6 28. f4 Ke8 29. a4 Kf7 30. Re4 Ke8 31. Kf3 Kd7 32. Re6 Ke8 33. a5 Kf7
34. Re4 g5 35. f5 Bh6 36. Re6 Bg7 37. Bxg7 Rxg7 38. Rh6 Rg8 39. Ke4 Rc8 40. c4
Rc5 41. f6 e6 42. Rh7+ Kxf6 43. Rh6+ Ke7 44. Rxe6+ Kd7 45. Rg6 Rxa5 46. Kd4 b5
47. Rg7+ Ke8 48. Rxg5 bxc4 49. bxc4 Ra1 50. Rg8+ Ke7 51. Rg7+ Ke8 52. Ra7 Rg1
53. Rxa6 Rxg4+ 54. Kc3 Kd7 55. Ra7+ Kc8 56. Kb4 Kd8 57. Kb5 Rf4 58. Rh7 Kc8 59.
Kc6 Rxc4+ 60. Kxd6 Rd4 61. Rh8+ Kb7 62. Ke6 Kc7 63. Rh7+ Kd8 64. Kd6 Kc8 65. Kc6
Rc4+ 66. Kd6 Rd4 67. Rc7+ Kd8 68. Rh7 Kc8 69. Rh8+ Kb7 70. Rd8 Rh4 71. Re8 Rd4
72. Re7+ Kc8 73. Rg7 Rd1 74. Rg8+ Kb7 75. Rd8 Rh1 76. Rd7+ Kc8 77. Re7 Rd1 78.
Re5 Rd2 79. Ke6 Kc7 80. Re3 Rd1 81. Rc3+ Kd8 82. Kd6 Rd2 83. Rh3 Kc8 84. Rh8+
Kb7 85. Rh5 Rd1 86. Kd7 Rg1 87. Rh7 Rg8 88. d6 Kb6 89. Ke6 Kc6 90. Rc7+ Kb6 91.
Rc1 Rh8 92. d7 Rh6+ 93. Ke5 Rh5+ 94. Kf6 Rh6+ 95. Kf7 Rh7+ 96. Ke6 Rh6+ 97. Ke5
Rh5+ 98. Ke4 Rh4+ 99. Ke3 Rh3+ 100. Kd4 Rh4+ 101. Kd5 Rh5+ 102. Ke6 Rh6+ 103.
Ke5 Rh5+ 104. Kf6 Rh6+ 105. Kf7 Rh7+ 106. Ke6 Rh6+ 107. Ke5 Rh5+ 108. Ke4 Rh4+
109. Kd3 Rh3+ 110. Kd4 Rh4+ 111. Kd5 Rh5+ 112. Ke4 Rh4+ 113. Kf5 Rh5+ 114. Kf6
Rh6+ 115. Kf7 Rh7+ 116. Ke8 Rh8+ 117. Ke7 Rh7+ 118. Kd6 Rh6+ 119. Kd5 Rh5+ 120.
Kd4 Rh4+ 121. Kd3 Rh3+ 122. Kc4 Kc7 123. Rd1 Kd8 124. Kc5 Rh6 125. Rd2 Rg6 126.
Rd6 Rxd6 127. Kxd6 1/2-1/2

[Event "FIDE World Bl Team Pool C"]
[Site "London ENG"]
[Date "2025.06.14"]
[Round "1.3"]
[White "Cuenca Jimenez, Jose Fernando"]
[Black "Batkhuyag, Munguntuul"]
[Result "1-0"]
[WhiteTitle "GM"]
[BlackTitle "IM"]
[WhiteElo "2487"]
[BlackElo "2356"]
[WhiteTeam "Duobeniajan Costa Calida ESJ"]
[BlackTeam "Mongolia-B"]
[WhiteFideId "2255570"]
[BlackFideId "4900758"]
[EventDate "2025.06.14"]
[EventType "team"]

1. e4 c6 2. Nc3 d5 3. Nf3 dxe4 4. Nxe4 Nf6 5. Qe2 Nxe4 6. Qxe4 Qd5 7. Qh4 Bf5 8.
Bc4 Qd6 9. d3 e6 10. Bf4 Qe7 11. Bg5 Qd6 12. O-O-O Be7 13. Bxe7 Qxe7 14. Qd4 O-O
15. g4 Bg6 16. h4 f6 17. h5 Bf7 18. g5 e5 19. gxf6 exd4 20. fxe7 Re8 21. Rhe1
Bxc4 22. dxc4 c5 23. Re6 Nc6 24. Rde1 Rac8 25. Nh4 Rc7 26. Nf5 Kh8 27. Rg1 Rexe7
28. Nxe7 Nxe7 29. Rge1 Ng8 30. Re8 Rf7 31. Rc8 g5 32. Ree8 Rg7 33. Rxc5 g4 34.
Rcc8 h6 35. Kd2 Kh7 36. Rxg8 Rxg8 37. Rxg8 Kxg8 38. Kd3 Kg7 39. b4 Kf6 40. Kxd4
Kg5 41. c5 Kxh5 42. b5 Kg5 43. c6 bxc6 44. bxc6 h5 45. c7 h4 46. c8=Q h3 47. Qc7 1-0

[Event "FIDE World Bl Team Pool C"]
[Site "London ENG"]
[Date "2025.06.14"]
[Round "1.4"]
[White "Mungunzul, Bat-Erdene"]
[Black "Camacho Collados, Marcos"]
[Result "1-0"]
[WhiteTitle "WCM"]
[BlackTitle "IM"]
[WhiteElo "2337"]
[BlackElo "2462"]
[WhiteTeam "Mongolia-B"]
[BlackTeam "Duobeniajan Costa Calida ESJ"]
[WhiteFideId "4902831"]
[BlackFideId "2266237"]
[EventDate "2025.06.14"]
[EventType "team"]

1. d4 Nf6 2. c4 e6 3. Nc3 Bb4 4. Qc2 b6 5. e4 c5 6. d5 Qe7 7. Be2 exd5 8. exd5
O-O 9. Bd2 Re8 10. O-O-O d6 11. Bd3 Nbd7 12. f4 Bxc3 13. Bxc3 Qe3+ 14. Bd2 Qf2
15. Nh3 Qxg2 16. Ng5 Ba6 17. Nxh7 Ne4 18. Rhg1 Qf3 19. Rdf1 Nxd2 20. Rxf3 Nxf3
21. Rf1 Re1+ 22. Rxe1 Nxe1 23. Qe2 Nxd3+ 24. Qxd3 Re8 25. Ng5 Nf6 26. Kd2 Bc8
27. h3 g6 28. Qa3 Re7 29. Qa4 Bf5 30. Qc6 Ne4+ 31. Nxe4 Rxe4 32. b3 Rxf4 33.
Qxd6 Rd4+ 34. Kc1 Bxh3 35. Qb8+ Kh7 36. Qh2 Rh4 37. d6 Rh5 38. Qe5 Be6 39. Qf6
Rh1+ 40. Kd2 Rh2+ 41. Ke3 Rh3+ 42. Ke2 Rh2+ 43. Ke3 Rh3+ 44. Kf4 Rd3 45. Qe7 Kg7
46. a4 a5 47. Qc7 Rxb3 48. d7 Bxd7 49. Qxd7 Rb4 50. Qd5 Rxa4 51. Ke5 Ra2 52. Qc6
Re2+ 53. Kf4 Re6 54. Qa8 Rf6+ 55. Kg4 Rd6 56. Kf3 g5 57. Qb8 Rf6+ 58. Kg3 Re6
59. Qd8 Kg6 60. Qg8+ Kf6 61. Qd8+ Kf5 62. Qd3+ Kf6 63. Qd8+ Kg6 64. Qg8+ Kf6 65.
Qd8+ Kf5 66. Qd3+ Ke5 67. Qd5+ Kf6 68. Kg4 Re5 69. Qd8+ Ke6 70. Qe8+ Kf6 71.
Qd8+ Kg7 72. Qxb6 Re4+ 73. Kxg5 Rxc4 74. Qf6+ Kg8 75. Kh6 Rg4 76. Qd8# 1-0

[Event "FIDE World Bl Team Pool C"]
[Site "London ENG"]
[Date "2025.06.14"]
[Round "1.5"]
[White "Khotenashvili, Bella"]
[Black "Sodbilegt, Naranbold"]
[Result "0-1"]
[WhiteTitle "GM"]
[BlackTitle "FM"]
[WhiteElo "2418"]
[BlackElo "2363"]
[WhiteTeam "Duobeniajan Costa Calida ESJ"]
[BlackTeam "Mongolia-B"]
[WhiteFideId "13602640"]
[BlackFideId "4903528"]
[EventDate "2025.06.14"]
[EventType "team"]

1. Nf3 c5 2. g3 Nc6 3. Bg2 d5 4. d4 e6 5. O-O b5 6. c3 Nf6 7. a4 b4 8. c4 Bb7 9.
cxd5 exd5 10. dxc5 Bxc5 11. Nbd2 O-O 12. Nb3 Bb6 13. Bg5 h6 14. Bxf6 Qxf6 15. a5
Bc7 16. Nc5 Bc8 17. Qxd5 Rd8 18. Qe4 Bf5 19. Qh4 Qxb2 20. e4 Be6 21. Nxe6 fxe6
22. a6 Bb6 23. Qg4 Re8 24. Rac1 Rac8 25. Nh4 Nd4 26. Rxc8 Rxc8 27. Ng6 Re8 28.
Nf4 Qb3 29. Nh5 Re7 30. Qf4 Qc3 31. Qg4 Qb2 32. e5 Ne2+ 33. Kh1 Qxe5 34. Be4 Nc3
35. Bc2 Rf7 36. Qg6 Kf8 37. Nf4 Rxf4 38. gxf4 Qxf4 39. Qxe6 Qf3+ 40. Kg1 Ne2+
41. Qxe2 Qxe2 0-1

[Event "FIDE World Bl Team Pool C"]
[Site "London ENG"]
[Date "2025.06.14"]
[Round "1.6"]
[White "Enkhbayar, Genden"]
[Black "Torres, Lucas"]
[Result "1-0"]
[WhiteElo "1837"]
[BlackElo "1897"]
[WhiteTeam "Mongolia-B"]
[BlackTeam "Duobeniajan Costa Calida ESJ"]
[WhiteFideId "4928415"]
[BlackFideId "1769464"]
[EventDate "2025.06.14"]
[EventType "team"]

1. d4 Nf6 2. c4 d6 3. Nc3 e5 4. d5 Bf5 5. Nf3 e4 6. Nd4 Bg6 7. Bg5 Nbd7 8. e3
Qe7 9. Be2 h6 10. Bh4 Ne5 11. Qb3 b6 12. Bg3 Nfd7 13. Qa4 Bh7 14. Ncb5 Qd8 15.
O-O Be7 16. Bxe5 dxe5 17. Nc6 Qc8 18. Nxe7 Kxe7 19. Qa3+ Ke8 20. d6 Nc5 21.
Nxc7+ Kd7 22. Nxa8 Qxa8 23. b4 Ne6 24. c5 Rc8 25. Bb5+ Kd8 26. c6 a6 27. c7+
Nxc7 28. dxc7+ Rxc7 29. Rfd1+ Ke7 30. Bxa6 g5 31. b5+ Kf6 32. Qd6+ Kg7 33. Qxc7
Qf8 34. Rd7 Bg6 35. Qxe5+ Kg8 36. Re7 Kh7 37. Rd1 g4 38. Re8 Qb4 39. Qh8# 1-0

[Event "FIDE World Bl Team Pool C"]
[Site "London ENG"]
[Date "2025.06.14"]
[Round "1.1"]
[White "Fromm, Marius"]
[Black "Kogan, Arthur"]
[Result "1-0"]
[WhiteTitle "IM"]
[BlackTitle "GM"]
[WhiteElo "2444"]
[BlackElo "2475"]
[WhiteTeam "Berlin Chess Federation"]
[BlackTeam "OlalaStars"]
[WhiteFideId "12993190"]
[BlackFideId "2800802"]
[EventDate "2025.06.14"]
[EventType "team"]

1. e4 c5 2. Nf3 e6 3. d3 Nc6 4. g3 d6 5. Bg2 Nf6 6. O-O Be7 7. Re1 e5 8. c3 O-O
9. d4 exd4 10. cxd4 Bg4 11. d5 Ne5 12. Bf4 Nfd7 13. Nc3 c4 14. Be3 Bf6 15. Qe2
Nd3 16. Red1 N7e5 17. h3 Bxf3 18. Bxf3 Nxf3+ 19. Qxf3 Nxb2 20. Rdc1 Nd3 21. Rc2
Qd7 22. Kg2 b5 23. Rb1 Rfc8 24. Nxb5 Rab8 25. a4 a6 26. Qg4 Qxg4 27. hxg4 axb5
28. axb5 c3 29. g5 Bd8 30. b6 Ne5 31. Bd4 Nd7 32. b7 Rc7 33. Rxc3 Rxc3 34. Bxc3
Nc5 35. Bd4 Rxb7 36. Rc1 Bb6 37. Rb1 Kf8 38. f3 Ke7 39. Kh3 Kd7 40. Kg4 Kc7 41.
Rh1 Nd3 42. Bxb6+ Rxb6 43. Rxh7 Ne5+ 44. Kh3 Nxf3 45. Rxg7 Kd8 46. Kg4 Ne5+ 47.
Kh3 Rb4 48. g6 fxg6 49. Kh4 Rxe4+ 50. Kg5 Rd4 51. Kf6 Rxd5 52. Ke6 Rd3 53. g4
Nxg4 54. Rxg6 Ne5 55. Rg7 Nc4 56. Ra7 Kc8 57. Rh7 d5 58. Rh5 Ne3 59. Kd6 Kb7 60.
Rh4 Kb6 61. Rb4+ Ka5 62. Rb1 Nc4+ 63. Kc5 Ka4 64. Rb8 Ne3 65. Rb7 Ka3 66. Rb8
Rd2 67. Rb7 1-0

[Event "FIDE World Bl Team Pool C"]
[Site "London ENG"]
[Date "2025.06.14"]
[Round "1.2"]
[White "Krivenko, Dion"]
[Black "Schneider, Ilja"]
[Result "0-1"]
[WhiteTitle "FM"]
[BlackTitle "IM"]
[WhiteElo "2243"]
[BlackElo "2417"]
[WhiteTeam "OlalaStars"]
[BlackTeam "Berlin Chess Federation"]
[WhiteFideId "4508378"]
[BlackFideId "4663306"]
[EventDate "2025.06.14"]
[EventType "team"]

1. Nc3 Nf6 2. d4 d5 3. Bf4 g6 4. h4 h5 5. e3 Bg7 6. Nf3 c5 7. Ne5 Nc6 8. Be2 Bf5
9. O-O cxd4 10. exd4 O-O 11. Bf3 Rc8 12. Re1 Re8 13. Bg5 e6 14. a3 Qb6 15. Bxf6
Bxf6 16. Nd7 Qd8 17. Nxf6+ Qxf6 18. Nb5 Red8 19. Qd2 a6 20. Nc3 Nxd4 21. Bd1
Qxh4 22. Re3 Qf6 23. Rc1 Nc6 24. Rf3 Ne5 25. Rf4 Nc4 26. Qe2 Nxb2 27. Nb1 Nxd1
28. Rxd1 Rxc2 29. Qxc2 Bxc2 30. Rxf6 Bxd1 31. Nc3 Bc2 32. Rf3 Rc8 33. g3 Kg7 34.
Ne2 Be4 35. Rc3 Rxc3 36. Nxc3 Kf6 37. Kf1 Ke5 38. Ke2 Kd4 39. Na4 Kc4 40. Nb6+
Kb3 41. a4 Kb4 42. Ke3 Ka5 43. Nc8 Kxa4 44. Nd6 b5 45. Nxf7 b4 46. Ne5 b3 47.
Kd2 b2 0-1

[Event "FIDE World Bl Team Pool C"]
[Site "London ENG"]
[Date "2025.06.14"]
[Round "1.3"]
[White "Florstedt, Johannes"]
[Black "Sason, Noam"]
[Result "1-0"]
[WhiteTitle "FM"]
[WhiteElo "2391"]
[BlackElo "2153"]
[WhiteTeam "Berlin Chess Federation"]
[BlackTeam "OlalaStars"]
[WhiteFideId "12922293"]
[BlackFideId "371282346"]
[EventDate "2025.06.14"]
[EventType "team"]

1. Nf3 Nf6 2. c4 g6 3. Nc3 Bg7 4. g3 O-O 5. Bg2 c6 6. e4 d5 7. cxd5 cxd5 8. e5
Nfd7 9. d4 e6 10. Bg5 f6 11. exf6 Nxf6 12. O-O Nc6 13. Qd2 Ne7 14. Ne5 Nf5 15.
Ng4 Qb6 16. Nxf6+ Bxf6 17. Bxf6 Rxf6 18. Rad1 Bd7 19. h4 Raf8 20. b3 Qd6 21. Ne2
Bb5 22. Rfe1 Ne7 23. Nf4 Rxf4 24. gxf4 Rxf4 25. Rxe6 Qxe6 26. Qxf4 Qe2 27. Bf3
Qe6 28. Bg4 Qc6 29. Re1 Nf5 30. Bxf5 gxf5 31. Qxf5 Qh6 32. Qxd5+ Kh8 33. Qxb5
Qxh4 34. Qe8+ Kg7 35. Qe7+ 1-0

[Event "FIDE World Bl Team Pool C"]
[Site "London ENG"]
[Date "2025.06.14"]
[Round "1.4"]
[White "Blokhin, Sofia"]
[Black "Schulze, Lara"]
[Result "1/2-1/2"]
[WhiteTitle "WFM"]
[BlackTitle "FM"]
[WhiteElo "2057"]
[BlackElo "2317"]
[WhiteTeam "OlalaStars"]
[BlackTeam "Berlin Chess Federation"]
[WhiteFideId "4508190"]
[BlackFideId "12956830"]
[EventDate "2025.06.14"]
[EventType "team"]

1. d4 Nf6 2. c4 e6 3. Nc3 Bb4 4. a3 Bxc3+ 5. bxc3 b6 6. f3 Nc6 7. e4 Na5 8. Bd3
Ba6 9. Qe2 d6 10. Be3 c5 11. Nh3 Rc8 12. d5 e5 13. O-O O-O 14. f4 exf4 15. Bxf4
Qd7 16. e5 Rfe8 17. Rae1 dxe5 18. Bxe5 Qg4 19. Rf3 Rcd8 20. Nf2 Qh5 21. Qe3 Nxc4
22. Bxc4 Bxc4 23. Rh3 Qf5 24. Rf3 Qd7 25. Qg5 h6 26. Qh4 Nxd5 27. Qxc4 f6 28.
Rd3 Rxe5 29. Rxe5 fxe5 30. Ne4 Kh8 31. h3 a6 32. Qxa6 Qf5 33. Rxd5 Rf8 34. Qd3
Qf4 35. Rd8 Qc1+ 36. Kh2 Rxd8 37. Qxd8+ Kh7 38. Qd3 Kh8 39. Ng3 Qxa3 40. h4 Qa4
41. Nf5 Qf4+ 42. Kh1 Kg8 43. Qd5+ Kh8 44. Qd8+ Kh7 45. Qf8 Qf1+ 46. Kh2 Qf4+ 47.
Kh1 Qf1+ 48. Kh2 Qf4+ 49. g3 Qf2+ 50. Kh3 Qf1+ 51. Kg4 Qe2+ 52. Kh3 Qf1+ 53. Kh2
Qf2+ 1/2-1/2

[Event "FIDE World Bl Team Pool C"]
[Site "London ENG"]
[Date "2025.06.14"]
[Round "1.5"]
[White "Rath, Alina"]
[Black "Agafonov, Yuri Dr"]
[Result "0-1"]
[WhiteTitle "CM"]
[WhiteElo "2019"]
[BlackElo "2096"]
[WhiteTeam "Berlin Chess Federation"]
[BlackTeam "OlalaStars"]
[WhiteFideId "24607886"]
[BlackFideId "11602104"]
[EventDate "2025.06.14"]
[EventType "team"]

1. c4 e6 2. g3 f5 3. Bg2 Nf6 4. Nc3 Bb4 5. d3 Bxc3+ 6. bxc3 O-O 7. Rb1 Nc6 8.
Nf3 Rb8 9. O-O b6 10. Nd4 Nxd4 11. cxd4 Bb7 12. Bxb7 Rxb7 13. e3 d6 14. Qf3 Rb8
15. Bb2 Qe8 16. Bc3 Qa4 17. Qe2 Qc6 18. h3 Rbe8 19. Rb5 a6 20. Rbb1 e5 21. dxe5
dxe5 22. d4 exd4 23. Bxd4 Ne4 24. Rfc1 Ng5 25. Rd1 f4 26. Qg4 Nf3+ 0-1

[Event "FIDE World Bl Team Pool C"]
[Site "London ENG"]
[Date "2025.06.14"]
[Round "1.6"]
[White "Kiritshenko, Platon"]
[Black "Ziems, Michael"]
[Result "0-1"]
[WhiteElo "1587"]
[BlackElo "1904"]
[WhiteTeam "OlalaStars"]
[BlackTeam "Berlin Chess Federation"]
[WhiteFideId "4522010"]
[BlackFideId "24678490"]
[EventDate "2025.06.14"]
[EventType "team"]

1. c4 e6 2. d4 d5 3. Nc3 Nf6 4. Nf3 Be7 5. Bf4 a6 6. e3 dxc4 7. Bxc4 b5 8. Bb3
Bb7 9. O-O Nbd7 10. Re1 c5 11. Bc2 O-O 12. h3 Rc8 13. e4 cxd4 14. Ne2 Bxe4 15.
Bxe4 Nxe4 16. Nexd4 Ndc5 17. Rc1 Nf6 18. Nb3 Nxb3 19. axb3 Nd5 20. Bg3 Bf6 21.
Ne5 Bxe5 22. Bxe5 Re8 23. Qd3 Qg5 24. Rxc8 Rxc8 25. Qg3 Qxg3 26. fxg3 h6 27. Kf2
Nb4 28. Ke2 Rc2+ 29. Kf1 Nd3 30. Re3 Nxe5 31. Rxe5 Rxb2 32. Re3 Kf8 33. Kg1 Ke7
34. Kh2 f6 35. g4 e5 36. Kg3 Ke6 37. Kf3 a5 38. g3 g6 39. Ke4 f5+ 40. gxf5+
gxf5+ 41. Kf3 a4 42. bxa4 bxa4 0-1

[Event "FIDE World Bl Team Pool C"]
[Site "London ENG"]
[Date "2025.06.14"]
[Round "1.1"]
[White "Tan, Justin2"]
[Black "Kiremitciyan, Ari"]
[Result "1-0"]
[WhiteTitle "GM"]
[BlackTitle "FM"]
[WhiteElo "2512"]
[BlackElo "2271"]
[WhiteTeam "Wood Green Youth"]
[BlackTeam "ANI"]
[WhiteFideId "3206882"]
[BlackFideId "6373445"]
[EventDate "2025.06.14"]
[EventType "team"]

1. Nf3 Nf6 2. g3 d5 3. Bg2 e6 4. O-O Be7 5. c4 O-O 6. d4 b6 7. Bg5 Bb7 8. Nbd2
Nbd7 9. cxd5 Bxd5 10. Qc2 c5 11. e4 Bb7 12. e5 Nd5 13. Bxe7 Qxe7 14. Nc4 Nb4 15.
Qd2 Ba6 16. Rfc1 Bxc4 17. Rxc4 Nc6 18. dxc5 Ncxe5 19. Nxe5 Nxe5 20. Rc3 Rac8 21.
cxb6 axb6 22. Qd4 Rxc3 23. Qxc3 Qc5 24. Qxc5 bxc5 25. a4 Nd3 26. a5 Nb4 1-0